00627nam a2200181Ia 4500008004100000020001500041041001200056082001600068100001100084245009400095260004800189300000800237650001200245700001400257942000700271999001500278952015200293221030s9999 xx 000 0 und d a0195628926 aEnglish a105.23bSen aA. Sen 2aA Variety of Plasmas - Proceedings of the 1989 International Conference on Plasma Physics bIndian Academy of SciencesaBangalorec1991 a554 aPhysics aP. K. Kaw cBK c1576d1576 pBE 309l0o105.23 Senr2024-06-13 00:00:00w2022-10-30yBK003Print4071aMIETLIBbMIETLIBcBL-Second, FL-1, CUP-16, SH-1, R-1d1999-08-0910HBE